| 000 | 00652nam a2200205 a 4500 | ||
|---|---|---|---|
| 001 | 000007862 | ||
| 005 | 20200929154327.0 | ||
| 008 | 090911s2002 dr a 001 0 spa d | ||
| 040 | _aDO-SdBNP | ||
| 082 |
_a693.5 _bM385p |
||
| 100 | 1 |
_aMartínez Puerta, José _921632 |
|
| 245 | 1 | 0 |
_aPresupuesto y procedimientos prácticos para edificaciones / _cJosé Martínez Puerta. |
| 250 | _a2a ed. | ||
| 260 |
_aSanto Domingo, : _bBuho, _c2002. |
||
| 300 |
_a126 p. : _bil ; _c21 cm. |
||
| 504 | _aIncluye referencias bibliográficas [125] | ||
| 650 | 4 |
_aConstrucciones de hormigón armado _921633 |
|
| 650 | 4 |
_aEdificios prefabricado _921634 |
|
| 049 | _aBNPD | ||
| 999 |
_c7640 _d7640 |
||